000 00945nam a2200277Ia 4500
003 OSt
005 20221005105622.0
006 a|||||r|||| 00| 0
007 ta
008 221004b |||||||| |||| 00| 0 hin d
020 _cIndian Rupees 300
024 _a71061
037 _bGift, 02/01/2022,
_cTextual
040 _aCRL
_cCRL
_bhin
041 _2hin
_ahin
082 _aU8, 152P9
100 _aमेघवाल, अर्जुन राम, ले.
245 0 _aएक सफर
_b हमसफर के साथ
246 _aEk safara: hamasafar ke sātha
250 _a3 संस्करण
260 _aनई दिल्ली
_bलाईफ पब्लिकेशंस भारत
_c2019
300 _a97पृ0
_ccm.
650 _aभूगोल
942 _hU8, 152P9
_cTEXL
_2cc
999 _c1016370
_d1016370